000 00716nam a2200277Ia 4500
005 20260324122936.0
008 008 260324s9999 xx 000 0 eng d
020 _a9781003022206
037 _aEBOOK
040 _aCRL
040 _beng
040 _cCRL
041 _2eng
041 _aeng
084 _qCRL
100 _aRien Elling; Bas A. Andeweg; Christine Swankhuizen; Jaap de Jong; Kim van der Linden
_91168419
245 0 _aReport Writing for Readers with Little Time
260 _bTaylor and Francis
260 _c2012
365 _a
365 _b230
856 _uhttp://www.taylorfrancis.com/books/9781003022206
942 _cEBOOK
999 _c1761513
_d1761513